Catalog

Record Details

Catalog Search



Keeping secrets #7 / Ann M. Martin ; ... Read More

Andreasen, Dan.(Added Author).

Available copies

  • 4 of 4 copies available at LARL/NWRL Consortium.
  • 2 of 2 copies available at Lake Agassiz Regional Library. (Show preferred library)

Current holds

0 current holds with 4 total copies.

Show Only Available Copies
Location Call Number / Copy Notes Barcode Shelving Location Status Due Date
Fosston Public Library J MAR (Text) 33500009995705 Main Available -
Moorhead Public Library J MAR (Text) 33500009995697 Main Available -
Godel Memorial-Warren Library j pb (Text) 35500004447114 Main Available -
Greenbush Public Library j MAR (Text) 35500004747331 Main Available -

Record details

  • ISBN: 9780439868853 (pbk.) :
  • ISBN: 0439868858 (pbk.) :
  • Physical Description: 194 p. : ill. ; 20 cm.
  • Publisher: New York : Scholastic, c2009.

Content descriptions

Summary, etc.:
Flora, Ruby, Olivia, and Nikki have a new ... Read More
Target Audience Note:
5.
009-up.
Subject: Secrecy > Juvenile fiction.
Friendship > Juvenile fiction.
LDR 02122cam a2200409Ia 4500
001102053
003LARL_NWRL_CONSORTIUM
00520090317122814.0
008080915s2009 nyua j 000 1 eng d
020 . ‡a9780439868853 (pbk.) : ‡c$6.99
020 . ‡a0439868858 (pbk.) : ‡c$6.99
035 . ‡a(OCoLC)251221535
092 . ‡aFiction
1001 . ‡aMartin, Ann M., ‡d1955- ‡0(LARL_NWRL_CONSORTIUM)77299
24510. ‡aKeeping secrets ‡n#7 / ‡cAnn M. Martin ; [illustrations by Dan Andreason].
260 . ‡aNew York : ‡bScholastic, ‡cc2009.
300 . ‡a194 p. : ‡bill. ; ‡c20 cm.
4900 . ‡aMain Street ; ‡vbk. 7
5210 . ‡a5.
5211 . ‡a009-up.
520 . ‡aFlora, Ruby, Olivia, and Nikki have a new neighbor, Willow, who seems like a natural fit for their group of friends. But Willow doesn't seem to want to be friends, maybe because she has a secret.
650 0. ‡aSecrecy ‡vJuvenile fiction. ‡0(LARL_NWRL_CONSORTIUM)174888
650 0. ‡aFriendship ‡vJuvenile fiction. ‡0(LARL_NWRL_CONSORTIUM)164914
7001 . ‡aAndreasen, Dan. ‡0(LARL_NWRL_CONSORTIUM)103556
901 . ‡a102053 ‡bOCLC ‡c102053 ‡tbiblio

Additional Resources